| 000 | 00589nam a2200205 4500 | ||
|---|---|---|---|
| 001 | 15596 | ||
| 010 | _a9789897543029 | ||
| 021 | _b423233/17 | ||
| 090 | _a15596 | ||
| 100 | _a20170626d2017 m y0pory50030103ba | ||
| 200 | 1 |
_aO ano da dançarina _fCarla M. Soares |
|
| 205 | _a1ª ed | ||
| 210 | 9 |
_aBarcarena _cMarcador, _d2017 |
|
| 215 |
_a391 p. _d23 cm |
||
| 300 | _aPADES | ||
| 675 |
_a821.134.3-31"20" _vBN _zpor |
||
| 700 | 1 |
_aSoares, _bCarla M., _f1971- |
|
| 801 | 0 |
_aPT _bBN _gRPC |
|
| 856 | 4 | 1 | _uhttp://rnod.bnportugal.gov.pt/ImagesBN/winlibimg.aspx?skey=&doc=1966066&img=95695&save=true |
| 990 | _cLIVROS | ||